000 00498nam a2200157 i 4500
001 49224
003 ES-MaACL
005 20230906161916.0
007 t|
008 030711s1875 sp ||||1| spa d
100 1 _aCortázar y Larrubia, Daniel de.
_940829
245 1 0 _aReseña física geológica de la región norte de la provincia de Almería /
_cDaniel de Cortázar y Larrubia.
260 _aMadrid :
_bTello,
_c1875.
650 4 _aGeología-
_zAlmería.
_9144128
852 _aES-MaACL
_jT-515-F-1
999 _c49224
_d49224